• 首页
  • 本馆介绍
  • 公告通知
  • 最新文献
  • 馆藏检索
  • 电子资源
  • 读者导购
  • 参考咨询
  • 我的图书馆
  • 登录
  • 详细信息显示
  • 放入我的书架
  • 预约/预借图书
  • 作者相关作品
  • 分类相关作品
  • 丛书相关作品
  • 出版社相关作品

书目信息

  • 表格格式
  • 工作单格式
  • 卡片格式
书名: 夏日的田园、欢乐之歌
作者: 奥涅格.
分册号:
分册名:
出版地: 香港 :
 
出版社: 光华出版社
出版时间:
页数: 62 p. ;
开本: 20cm.
丛书名:
中图分类号:
科图分类号:
其他分类号: J655.2
主题词:
电子资源:
000 00350nam 2200145 a 4500
001 E0753510806
005 20070228145627.50
008 070228s 00010 eng
020    @cCNY0.80.
040    @aPFT@beng
090    @aJ655.2
099    @dJ655.2@ex75
245    @a夏日的田园、欢乐之歌 / @c奥涅格.
260    @a香港 :@b光华出版社.
300    @a62 p. ;@c20cm.
    
    夏日的田园、欢乐之歌 / / 奥涅格.-香港 : : 光华出版社.
    62 p. ; ; 20cm.
    
    
    ISBN CNY0.80.
    
●
相关链接 在E读中查询图书 在五车中查询图书 在当当中查询图书 在豆瓣中查询图书


正题名:夏日的田园、欢乐之歌     索取号:J655.2/x75         预约/预借

序号 登录号 条形码 馆藏地/架位号 状态 备注
1 74338   001690717   密集书库/ [索取号:J655.2/x75] 在馆    
2 74339   001690762   密集书库/ [索取号:J655.2/x75] 在馆    
唐山师范学院图书馆 欢迎您!
大连网信软件有限公司© 版权所有